| 000 | 01969nam0a22003851 4500 | ||
|---|---|---|---|
| 001 | v19\rc\1720165 | ||
| 005 | 20250619040606.0 | ||
| 035 | _a(NLR Aleph) 004818032 | ||
| 090 |
_a4991498 _c4991498 |
||
| 100 | _a20061002d1900 |||y0rusy50 ca | ||
| 101 | 1 |
_arus _ceng |
|
| 102 | _aRU | ||
| 105 | _ay z ||||| | ||
| 200 | 1 |
_aРуководство к лечению болезней по способу Ганемана _f[Соч.] Д-ра Ричарда Юза _gПер. со 2 англ. изд. д-ра мед. В. Дитмана, под ред. [и с предисл.] д-ра мед. Л. Бразоля |
|
| 210 |
_aСанкт-Петербург _cС.-Петерб. о-во врачей гомеопатов _d1900 |
||
| 215 |
_aXVIII, 616 с. _d22 |
||
| 300 | _aЗагл. оригинала: Therapeutics of the method of Hahnemann | ||
| 300 | _aПер. также под загл.: Руководство к терапевтике по гомеопатической методе Ганемана | ||
| 451 | 0 |
_12001#$aРуководство к терапевтике по гомеопатической методе Ганемана _tРуководство к терапевтике по гомеопатической методе Ганемана |
|
| 454 | 0 |
_12001#$aTherapeutics of the method of Hahnemann _tTherapeutics of the method of Hahnemann |
|
| 700 | 1 |
_aЮз _bР. _f1836-1902 _gРичард |
|
| 702 | 1 |
_aДитман _bВ.А. _f1843- _gВладимир Александрович _4730 |
|
| 702 | 1 |
_aБразоль _bЛ.Е. _f1854- _gЛев Евгеньевич _4340 _4080 |
|
| 702 | 1 |
_aГанеман _bС. _f1755-1843 _gСамуэль _4570 |
|
| 801 | 0 |
_aRU _bNLR _gpsbo |
|
| 801 | 0 |
_aRU _bRuMoRGB _2psbo |
|
| 801 | 1 |
_aRU _bProSoft-M _2rusmarc |
|
| 852 |
_aNLR _j20.72.3.30 |
||
| 852 |
_aNLR _j130/3386 |
||
| 852 |
_aNLR _bМф _jК1/5413 |
||
| 899 |
_aRuMoRGB _jD 47/381 |
||
| 899 |
_aRuMoRGB _jS 38/505 |
||
| 899 | _aБАН | ||
| 942 | _cBOOK | ||
| 980 | _aNB | ||